000 00806nam a2200205Ia 4500
999 _c21000
_d21000
082 _aTS.0851
100 _aSharma, Mamta
245 0 _aStudy of awareness of home makers regarding kitchen equipments : With special reference to middle income group families of Jabalpur city
260 _c1994
_bRani Durgavati Vishwavidyalaya
300 _av.p.
650 _aHOME ECONOMICS, RURAL - EQUIPMENT AND SUPPLIES//HOME ECONOMICS - EQUIPMENT AND SUPPLIES
650 _aMIDDLE CLASS FAMILIES - MADHYA PRADESH - JABALPUR
650 _aHOMEMAKERS - MADHYA PRADESH - JABALPUR
650 _aHOME ECONOMICS - EQUIPMENT AND SUPPLIES
650 _aKITCHEN UTENSILS - MADHYA PRADESH - JABALPUR
650 _aHOUSEHOLD GOODS//KITCHEN UTENSILS
710 _aJathar, N.
710 _aShukla, S.
942 _cTH
_2ddc